PRINCIPIES OF ENGINEERING GEOLOGY (Record no. 8468)

MARC details
000 -LEADER
fixed length control field 00424nam a22001697a 4500
005 - DATE AND TIME OF LATEST TRANSACTION
control field 20231116142955.0
008 - FIXED-LENGTH DATA ELEMENTS--GENERAL INFORMATION
fixed length control field 231116b |||||||| |||| 00| 0 eng d
020 ## - INTERNATIONAL STANDARD BOOK NUMBER
ISBN 9788195099306
041 ## - LANGUAGE CODE
Language code of text/sound track or separate title eng
082 ## - DEWEY DECIMAL CLASSIFICATION NUMBER
Classification number 624.151 BAN-P
100 ## - MAIN ENTRY--AUTHOR NAME
Personal name BANGAR K.M
245 ## - TITLE STATEMENT
Title PRINCIPIES OF ENGINEERING GEOLOGY
260 ## - PUBLICATION, DISTRIBUTION, ETC. (IMPRINT)
Place of publication DELHI
Name of publisher STANDARD PUBLICATION DISTRIBUTER
Year of publication 2023
300 ## - PHYSICAL DESCRIPTION
Number of Pages 541
650 ## - SUBJECT ADDED ENTRY--TOPICAL TERM
Topical Term MINING
942 ## - ADDED ENTRY ELEMENTS (KOHA)
Koha item type Books
Holdings
Lost status Damaged status Collection code Home library Current library Shelving location Date acquired Source of acquisition Cost, normal purchase price Full call number Accession Number Koha item type
    Reference JRU Library JRU Library SHELF-7-J 16/11/2023 PURCHASE 275.00 624.151 BAN-P 28136 Books
    MINING JRU Library JRU Library SHELF-59-F 16/11/2023 PURCHASE 275.00 624.151 BAN-P 28137 Books
    MINING JRU Library JRU Library SHELF-59-F 16/11/2023 PURCHASE 275.00 624.151 BAN-P 28138 Books
    MINING JRU Library JRU Library SHELF-59-F 16/11/2023 PURCHASE 275.00 624.151 BAN-P 28139 Books
    MINING JRU Library JRU Library SHELF-59-F 16/11/2023 PURCHASE 275.00 624.151 BAN-P 28140 Books